00140nam a22000617a 4500082001600000100002000016245004200036 a811.52bGIB aJibran, Khalil, aThe greatest works of Khalil Jibran /